Árboles y arbustos predominantes de Nicaragua
| Main Author: | |
|---|---|
| Format: | Section = Libro |
| Language: | Undetermined Spanish |
| Published: |
Managua, Nicaragua
Gestión 2000
2005
|
| Subjects: |
| LEADER | 00605nam a2200217Ia 4500 | ||
|---|---|---|---|
| 008 | 240830s9999 xx 000 0 und d | ||
| 020 | |a 99924-0-362-4 | ||
| 040 | |a B-ESTELÍ- RUACS / 582.16 M615 | ||
| 041 | |a spa | ||
| 082 | |a 582.16 M615 | ||
| 100 | 1 | |a Habed López, Nasarre | |
| 245 | 1 | 0 | |a Árboles y arbustos predominantes de Nicaragua |
| 260 | |a Managua, Nicaragua |b Gestión 2000 |c 2005 | ||
| 300 | |a 141 p | ||
| 650 | 7 | |a ETICA ESTUDIANTIL | |
| 650 | 7 | |b AUTOR-RELACION(PSICOLOGIA) | |
| 650 | 7 | |c ESTUDIANTES-ASPECTOS | |
| 650 | 7 | |d MORALES Y ETICOS | |
| 942 | |c BK |2 ddc | ||
| 991 | |a TEXTO | ||
| 999 | |c 11111 | ||